Statistiques concernant Les catastrophes naturelles

Cliquez ici pour prendre le quiz!

Statistiques générales

  • Ce quiz a été pris 163 fois
    (138 depuis la dernière actualisation)
  • Le résultat moyen est 12 sur 16

Statistiques - réponses

Réponse% Correct
Tornade
95%
Foudre
92%
Séisme
92%
Tsunami
92%
Éruption volcanique
89%
Incendie
89%
Ouragan
88%
Sécheresse
87%
Inondation
85%
Avalanche
81%
Tempête de sable
74%
Éboulement
69%
Blizzard
59%
Glissement de terrain
43%
Maelström
41%
Trombe
13%

Distribution des résultats

Percentile par nombre de réponses

% des personnes avec chaque résultat

Votre développement - résultats

Vous n’avez pas pris ce quiz depuis la dernière actualisation